Multiple equilibria in the British labour market.

Výskum príčin vysokého tempa rastu nezamestnanosti vo Veľkej Británii v 80. rokoch. Vysoká vyrovnanosť miery nezamestnanosti v 80. rokoch v porovnaní s nízkou rovnováhou miery nezamestnanosti v 70. rokoch - príčiny. Krátkodobá a dlhodobá rovnováha. Konštrukcia modelu mnohonásobnej rovnováhy na trhu...

ver descrição completa

Na minha lista:
Detalhes bibliográficos
Autor principal: Manning, A.
Formato: Capítulo de Livro
Idioma:inglês
Assuntos:
Tags: Adicionar Tag
Sem tags, seja o primeiro a adicionar uma tag!

MARC

LEADER 00000naa a2200000 4500
001 r010819
005 20221130112824.3
041 0 |a eng 
044 |a NL 
245 1 0 |a Multiple equilibria in the British labour market.  |c A. Manning 
520 |a Výskum príčin vysokého tempa rastu nezamestnanosti vo Veľkej Británii v 80. rokoch. Vysoká vyrovnanosť miery nezamestnanosti v 80. rokoch v porovnaní s nízkou rovnováhou miery nezamestnanosti v 70. rokoch - príčiny. Krátkodobá a dlhodobá rovnováha. Konštrukcia modelu mnohonásobnej rovnováhy na trhu práce - výsledky. 
610 2 0 |a rovnováha trhová 
610 2 0 |a trh práce 
610 2 0 |a Veľká Británia 
610 2 0 |a nezamestnanosť 
610 2 0 |a porovnanie štatistické 
610 2 0 |a modely rovnováhy 
610 2 0 |a modely podniku 
100 1 |a Manning, A.